|
|
|
|
| LEADER |
00000aam a2200000 i 4500 |
| 001 |
115460 |
| 003 |
CZ ZlUTB |
| 005 |
20260408125130.0 |
| 007 |
ta |
| 008 |
221114s2022 xr a e f 000 0 cze |
| 015 |
|
|
|a cnb003471813
|
| 020 |
|
|
|a 978-80-265-1098-7
|q (vázáno) :
|c Kč 429,00
|
| 040 |
|
|
|a BOA001
|b cze
|d ZLD002
|e rda
|
| 072 |
|
7 |
|a 316.36
|x Manželství a rodina. Sexuální vztahy
|2 Konspekt
|9 18
|
| 080 |
|
|
|a 316.362.1-055.52
|2 MRF
|
| 080 |
|
|
|a 37.03-053.2
|2 MRF
|
| 080 |
|
|
|a 316.77
|2 MRF
|
| 080 |
|
|
|a (0.062)
|2 MRF
|
| 100 |
1 |
|
|a Studnička, Milan,
|d 1977-
|7 mzk2003187266
|4 aut
|
| 245 |
1 |
0 |
|a Pohodové rodičovství /
|c Milan Studnička
|
| 250 |
|
|
|a 2. vydání
|
| 264 |
|
1 |
|a V Brně :
|b BizBooks,
|c 2022
|
| 300 |
|
|
|a 239 stran :
|b ilustrace ;
|c 24 cm
|
| 336 |
|
|
|a text
|b txt
|2 rdacontent
|
| 337 |
|
|
|a bez média
|b n
|2 rdamedia
|
| 338 |
|
|
|a svazek
|b nc
|2 rdacarrier
|
| 500 |
|
|
|a Dotisk v roce 2023
|
| 500 |
|
|
|a Obálkový podnázev: od miminka ke spokojenému puberťákovi
|
| 650 |
0 |
7 |
|a rodičovství
|7 ph138908
|2 czenas
|
| 650 |
0 |
7 |
|a výchova dítěte
|7 ph127420
|2 czenas
|
| 650 |
0 |
7 |
|a komunikace (sdělování)
|7 ph114956
|2 czenas
|
| 650 |
0 |
9 |
|a parenting
|2 eczenas
|
| 650 |
0 |
9 |
|a child rearing
|2 eczenas
|
| 650 |
0 |
9 |
|a human communication
|2 eczenas
|
| 655 |
|
7 |
|a populárně-naučné publikace
|7 fd131864
|2 czenas
|
| 655 |
|
9 |
|a popular works
|2 eczenas
|
| 710 |
2 |
|
|a BizBooks (nakladatelství)
|7 xx0234904
|4 pbl
|
| 910 |
|
|
|a ZLD002
|
| 928 |
9 |
|
|a Albatros Media - BizBooks
|
| 942 |
|
|
|2 udc
|
| 952 |
|
|
|0 0
|1 0
|4 0
|5 0
|6 37STUDNIČKAM
|7 0
|8 BOOK
|9 190675
|a UTBZL
|b UTBZL
|c 019
|d 2026-04-08
|l 0
|o 37/STUDNIČKA,M.
|p 420010201814
|r 2026-04-08 12:52:27
|v 429.00
|w 2026-04-08
|x N:nákup
|y 08
|
| 992 |
|
|
|a BK
|b SKNEW
|
| 999 |
|
|
|c 115460
|d 115460
|